000 01217nam a2200265Ia 4500
005 20220317001240.0
008 160825s1991 ck a g 000 0 spa
082 0 4 _aR 708.074
_bB15as
110 2 _aBanco de la República. Bucaramanga
_968230
245 1 0 _aArtistas santandereanos en la década de 1960
_cBanco de la República, Museo de Arte Moderno de Bucaramanga
250 _a1a. edición
300 _a36 páginas
_bilustraciones, fotos
_c27 cm
500 _aIncluye cronología de acontecimientos desde 1960 a 1969
505 _aJulio Castillo -- David Consuegra -- Beatriz Daza -- Beatriz González -- Sonia Gutiérrez -- Mario Hernández Prada -- Luis Paz -- Eduardo Ramírez Villamizar -- Jorge Riveros
610 2 _aBanco de la República (Bucaramanga)
_vExposiciones
_vCatálogos
_968231
650 1 4 _2LEMB
_aArte colombiano
_vExposiciones
700 1 _aFlórez, Julio César Meza, Saúl
_968232
710 2 _aMuseo de Arte Moderno. Bucaramanga
_968233
942 _2ddc
_cREF
264 _aBucaramanga
_bBanco de la República
_c1991
336 _atexto
_btxt
_2rdacontent
337 _asin mediación
_bn
_2rdamedia
338 _avolumen
_bnc
_2rdacarrier
040 _aCO-BoRNBP
_bspa
_erda
_cCO-BoRNBP
999 _c6383
_d6383